000 00681cam a2200241 a 4500
001 000005310
005 20200929151636.0
008 990517s2001 sp 000|1 spa
020 _a8495501112
040 _aDO-SdBNP
_bspa
_cBNPHU
082 _a863.6
_bV632s, 2001
100 1 _aVicent, Manuel,
_d1936-
_913048
245 1 0 _aSon de mar /
_cManuel Vicent.
250 _a6a ed.
260 _a[Madrid] :
_bSuma de Letras,
_c2001.
300 _a304 p. ;
_c23 cm.
490 1 _aPunto de lectura ;
_a12/1
650 4 _aNovela española
_91123
650 4 _aLiteratura española
_9632
830 0 _aPunto de lectura ;
_v12/1
_93047
910 _aCatalogación derivada
910 _aWM
999 _c5111
_d5111